Pays les plus paresseux pour marcher. - Statistiques

Statistiques générales
  • Ce quiz a été pris 36 fois
  • Le résultat moyen est 5 sur 10
Statistiques - réponses
Réponse % Correct
Arabie Saoudite
68%
Qatar
68%
Inde
62%
Brésil
56%
Égypte
44%
Indonésie
44%
Malaisie
35%
Grèce
32%
Afrique du Sud
26%
Philippines
26%
Aucun quiz correspondant
Distribution des résultats
% des personnes avec chaque résultat
Percentile par nombre de réponses
Votre historique - résultats
Vous n’avez pas pris ce quiz